| 000 | 00753nam a2200193Ii 4500 | ||
|---|---|---|---|
| 003 | JO-AjNU | ||
| 008 | 230605s9999||||xx |||||||||||||| ||und|| | ||
| 040 |
_aJO-AjNU _bara _erda _cJO-AjNU |
||
| 041 | _aara | ||
| 050 | 1 | 4 | _aPJ6145.A22 1995 |
| 100 | 3 |
_aتأليف عبدالحميد، محمد محي الدين, _eauthor _917649 |
|
| 245 | 0 | 0 | _aدروس التصريف في المقدمات،وتصريف الأفعال، القسم الأول |
| 264 | 3 | 1 | _aبيروت: المكتبة العصرية، 1990 |
| 300 | _aالقسم الاول، 224ص | ||
| 336 |
_atext _btxt _2rdacontent |
||
| 337 |
_aunmediated _bn _2rdamedia |
||
| 338 |
_avolume _bnc _2rdacarrier |
||
| 650 | 4 |
_aاللغة العربية-التصريف-تصريف الأفعال _917650 |
|
| 999 |
_aA5496 _c9064 _d9064 |
||